000 01069nam a2200253Ia 4500
003 OSt
005 20220930204456.0
006 a|||||r|||| 00| 0
007 ta
008 220926b |||||||| |||| 00| 0 pan d
024 _a3932
037 _cDissertations
040 _aCRL
_cCRL
_bpan
041 _2pan
_apan
100 _aਜਸਮੀਤ ਕੈਰ
110 _aਦਿੱਲੀ ਯੂਨੀਵਰਸਿਟੀ. ਪੰਜਾਬੀ ਵਿਭਾਗ. ਪੰਜਾਬੀ ਵਿਭਾਗ
_9566948
245 0 _aਆਤਮਜੀਤ ਰਚਿਤ ਨਾਟਕ ਮੈ੍ਵ ਤਾਂ ਇਕ ਸਾਰੰਗੀ ਹਾਂ
_b ਨਾਰੀਵਾਦੀ ਪਰਿਪੇਖ
260 _c2008
650 _aਪੰਜਾਬੀ ਸਾਹਿਤ
700 _a ਕੁਲਜੀਤ Fੈਲੀ, ਭਚ.
_9566949
700 _aਦਿੱਲੀ ਯੂਨੀਵਰਸਿਟੀ. ਪੰਜਾਬੀ ਵਿਭਾਗ. ਪੰਜਾਬੀ ਵਿਭਾਗ
_9566950
942 _cDIS
_2CC
999 _c906072
_d906072